Most Popular Spanish Dishes - Statistics

General Stats
  • This quiz has been taken 54 times
  • The average score is 5 of 12
Answer Stats
Picture Answer % Correct
Paella
96%
Churros
94%
Gazpacho
75%
Chorizo
73%
Tortilla de Patatas
35%
Croquetas
31%
Crema Catalana
27%
Salmorejo
19%
Bocadillos
15%
Cochinillo
13%
Rosquillas
13%
Migas
2%
No matching quizzes found
Score Distribution
Percent of People with Each Score
Percentile by Number Answered
Your Score History
You have not taken this quiz